00456nam a2200181Ia 4500003000400000005001700004008004100021020002200062040000700084041000800091082002200099100002400121245003700145260003800182300001600220365001700236650002100253OSt20230410151654.0210423s2017 xx 000 0 und d a978-981-10-5043-5 cAL aeng a338.47 223bPURI aPUROHIT (Brijesh C) aInequality in Indian health care aSingaporebSpringer Pvt Ltdc2017 axix,182bHB b7946.12cEUR aHealth Economics